Statistics for Top Five Special Attack Pokémon in Each Type

Click here to take the quiz!

General Stats

  • This quiz has been taken 10 times
  • The average score is 53 of 90

Answer Stats

TypePokémon% Correct
PsychicAlakazam
100%
NormalArceus
100%
IceKyurem
100%
FightingLucario
100%
PsychicMewtwo
100%
FlyingMoltres|Tornadus|
Thundurus
100%
FireReshiram
100%
DragonReshiram
100%
FlyingZapdos|Articuno
100%
FireChandelure
80%
GhostChandelure
80%
DarkDarkrai
80%
PsychicDeoxys
80%
DragonDialga
80%
SteelDialga
80%
RockDiancie
80%
Dragon
Rayquaza
80%
BugGenesect
80%
PoisonGengar
80%
SteelHeatran
80%
FireHeatran|Volcanion
80%
DarkHydreigon
80%
WaterKyogre
80%
GhostLunala
80%
PsychicLunala
80%
SteelMagneton|Genesect|
Duraludon
80%
ElectricMagnezone
80%
SteelMagnezone
80%
DragonPalkia
80%
WaterPalkia
80%
NormalPorygon-Z
80%
FlyingRayquaza
80%
ElectricThundurus
80%
BugVolcarona
80%
FireVolcarona
80%
FairyXerneas
80%
FlyingYveltal
80%
DarkYveltal
80%
GhostBlacephalon
60%
FireBlacephalon
60%
PoisonEternatus
60%
DragonEternatus
60%
GrassExeggutor
60%
GroundGroudon
60%
GroundLandorus
60%
PoisonNaganadel
60%
FightingPheromosa
60%
BugPheromosa
60%
PoisonRoserade
60%
GrassRoserade
60%
GhostSpectrier
60%
GrassTangrowth|Lilligant
60%
FairyTapu Lele
60%
BugVikavolt
60%
ElectricVikavolt
60%
WaterWishiwashi
60%
ElectricXurkitree
60%
ElectricZapdos
60%
NormalZoroark
60%
DarkZoroark
60%
FightingBlaziken
40%
FlyingEnamorus
40%
FairyEnamorus
40%
IceGlaceon
40%
FightingInfernape
40%
IceJynx
40%
WaterKeldeo
40%
FightingKeldeo
40%
SteelMagearna
40%
FairyMagearna
40%
RockNihilego
40%
PoisonNihilego
40%
RockOmastar
40%
IceVanilluxe|Mr. Rime
40%
WaterVolcanion
40%
RockArcheops
20%
RockAurorus
20%
GrassCacturne
20%
DarkCacturne
20%
GroundCamerupt
20%
NormalDrampa
20%
PsychicHatterene
20%
FairyHatterene
20%
GroundPalossand
20%
GhostCursola
0%
BugFrosmoth
0%
IceFrosmoth
0%
GroundGastrodon
0%
NormalHeliolisk
0%
GrassVileplume
0%

Score Distribution

Percentile by Number Answered

Percent of People with Each Score

Your Score History

You have not taken this quiz